000 00419nam a22001457a 4500
003 macl
005 20191015133233.0
008 191015b xxu||||| |||| 00| 0 eng d
040 _cmacl
082 _a610
100 _aरवि कुमार
_953360
245 _a;याेग विश्‍व को भारत की अनमोल भेंट
650 _aमेडिकल
_976962
942 _2ddc
_cHIN
999 _c61209
_d61209